Score 0/26 Timer 05:00
9 Plays Today
% Correct
Animal Farm
95.7%
The Hunger Games
91.4%
Moby-Dick
89.1%
Little Women
83.1%
Catch-22
76%
The Grapes of Wrath
76%
Don Quixote
73.8%
Emma
71.7%
The Kite Runner
68.6%
Wuthering Heights
68.6%
Ulysses
67%
The Fault in Our Stars
61.5%
The Jungle
54.2%
% Correct
Invisible Man
45.4%
The Brothers Karamazov
44.9%
The Red Badge of Courage
41.8%
The Picture of Dorian Gray
40.5%
One Hundred Years of Solitude
38%
Vanity Fair
36.3%
The Sound and the Fury
31.7%
Things Fall Apart
28.9%
Never Let Me Go
20.2%
Zorba the Greek
17.4%
The Quiet American
17.1%
Xenocide
8.2%
The Year of Living Dangerously
5.6%
Remove Ads.
Support Sporcle.
Get the best of Sporcle when you Go Orange. This ad-free experience offers more features, more stats, and more fun while also helping to support Sporcle. Thank you for becoming a member.

You're not logged in!

Compare scores with friends on all Sporcle quizzes.
OR
Log In

Show Comments

Extras

Top Quizzes Today


Score Distribution

Your Account Isn't Verified!

In order to create a playlist on Sporcle, you need to verify the email address you used during registration. Go to your Sporcle Settings to finish the process.

Report this User

Report this user for behavior that violates our Community Guidelines.

Details: